| 000 | 04334namaa22004451i 4500 | ||
|---|---|---|---|
| 003 | EG-GICUC | ||
| 005 | 20260210100435.0 | ||
| 008 | 260128s2025 ua a|||frm||| 000 0 eng d | ||
| 040 |
_aEG-GICUC _cEG-GICUC _dEG-GICUC _erda _beng |
||
| 041 | 0 |
_aeng _beng _bara |
|
| 049 | _aDeposit | ||
| 082 | 0 | 4 | _a624.1 |
| 092 |
_a624.1 _221 |
||
| 097 | _aM.Sc | ||
| 099 | _aCai01.13.11.M.Sc.2025.Om.M | ||
| 100 | 0 |
_aOmar Mohamed Farahat Mohamed, _epreparation. |
|
| 245 | 1 | 0 |
_aMathematical modeling of mechanical properties of compressed rubberized concrete based on laboratory experiments / _cby Omar Mohamed Farahat Mohamed ; Supervisors Prof. Dr. Mostafa A. Abdeen, Prof. Dr. Hossam A. Hodhod, Prof. Dr. Mohamed M. El-Shabrawy. |
| 246 | 1 | 5 | _aالنمذجة الرياضية للخصائص الميكانيكية للخرسانة المطاطية المضغوطة بناءً على التجارب المعملية |
| 264 | 0 | _c2025. | |
| 300 |
_a85 pages : _billustrations ; _c25 cm. + _eCD. |
||
| 336 |
_atext _2rda content |
||
| 337 |
_aUnmediated _2rdamedia |
||
| 338 |
_avolume _2rdacarrier |
||
| 502 | _aThesis (M.Sc)-Cairo University, 2025. | ||
| 504 | _aBibliography: pages 83-85. | ||
| 520 | 3 | _aThe use of recycled rubber in structural concrete production is generally not considered practical as it can significantly decrease the strength and elasticity of the concrete. However, a new method for casting concrete has been developed that can greatly improve the strength and elasticity of rubberized concrete. This method involves using the same mix design as normal concrete (NC) but replacing some of the natural fine aggregate (NFA) with crumb rubber. Concrete specimens were cast with varying amounts of crumb rubber in place of NFA and then compressed in a mold to reduce the volume of fresh concrete for a period before being removed. This method can promote the use of waste rubber in concrete and can be easily implemented by the precast industry to manufacture precast concrete products, leading to more sustainable and environmentally friendly construction practices. | |
| 520 | 3 | _aاستخدام المطاط المعاد تدويره في إنتاج الخرسانة الإنشائية لا يُعتبر عمليًا بشكل عام، حيث يمكن أن يؤدي إلى انخفاض كبير في قوة ومرونة الخرسانة. ومع ذلك، تم تطوير طريقة جديدة لصب الخرسانة يمكنها تحسين قوة ومرونة الخرسانة المطاطية بشكل كبير. تعتمد هذه الطريقة على استخدام نفس تصميم الخلطة للخرسانة العادية (NC) ولكن مع استبدال جزء من الركام الناعم الطبيعي (NFA) بمطاط الفتات. تم صب عينات خرسانية بكميات متفاوتة من المطاط الناعم بدلاً من الركام الناعم الطبيعي، ثم تم ضغطها داخل قالب لتقليل حجم الخرسانة الطازجة لفترة زمنية محددة قبل إزالتها. يمكن لهذه الطريقة أن تعزز استخدام المطاط المُعاد تدويره في الخرسانة، كما يمكن تنفيذها بسهولة في صناعة الخرسانة مسبقة الصب لإنتاج منتجات خرسانية مستدامة وصديقة للبيئة، مما يسهم في ممارسات بناء أكثر استدامة. | |
| 530 | _aIssues also as CD. | ||
| 546 | _aText in English and abstract in Arabic & English. | ||
| 650 | 0 | _aEngineering Mechanics | |
| 650 | 0 | _aالميكانيكا الهندسية | |
| 653 | 1 |
_aRubberized concrete _aWaste rubber _acompressed rubberized concrete _astress – strain behavior _aRecycled rubber _aالخرسانة المطاطية _aمطاط الإطارات المستعملة |
|
| 700 | 0 |
_aMostafa A. Abdeen _ethesis advisor. |
|
| 700 | 0 |
_aHossam A. Hodhod _ethesis advisor. |
|
| 700 | 0 |
_aMohamed M. El-Shabrawy _ethesis advisor. |
|
| 900 |
_b01-01-2025 _cMostafa A. Abdeen _cHossam A. Hodhod _cMohamed M. El-Shabrawy _dKhaled M. Fasseh _UCairo University _FFaculty of Engineering _DDepartment of Engineering Mechanics |
||
| 905 |
_aShimaa _eEman Ghareb |
||
| 942 |
_2ddc _cTH _e21 _n0 |
||
| 999 | _c178098 | ||